Central Library OPAC University of Rajshahi

The American Federal Government / (Record no. 5990)

MARC details
000 -LEADER
fixed length control field 00898nam a2200277 a 4500
001 - CONTROL NUMBER
control field 5990
003 - CONTROL NUMBER IDENTIFIER
rucl marc code UkOxU
005 - DATE AND TIME OF LATEST TRANSACTION
control field 20211208234151.0
008 - FIXED-LENGTH DATA ELEMENTS--GENERAL INFORMATION
fixed length control field 160804s1969 enk 000 0 eng d
035 ## - SYSTEM CONTROL NUMBER
System control number (BD-RjUL)6029
040 ## - CATALOGING SOURCE
Original cataloging agency MAL
Modifying agency m.c
-- EQO
Language of cataloging eng
Transcribing agency BD-RjUL
041 ## - LANGUAGE CODE
Language code of text/sound track or separate title eng
082 00 - DEWEY DECIMAL CLASSIFICATION NUMBER
Classification number 342.73
Author mark and year BEA 1969
Edition number 23
100 1# - MAIN ENTRY--PERSONAL NAME
Personal name Beloff, Max,
Dates associated with a name 1913-1999.
9 (RLIN) 18834
245 14 - TITLE STATEMENT
Title The American Federal Government /
Statement of responsibility, etc. by Max Beloff
250 ## - EDITION STATEMENT
Edition statement 2nd ed.
260 ## - PUBLICATION, DISTRIBUTION, ETC. (IMPRINT)
Place of publication, distribution, etc. London :
Name of publisher, distributor, etc. Oxford University Press,
Date of publication, distribution, etc. 1969.
300 ## - PHYSICAL DESCRIPTION
Pagination 169 p. ;
Size 21 cm.
490 1# - SERIES STATEMENT
Series statement Oxford paperbacks university series ;
Volume/sequential designation 48
504 ## - BIBLIOGRAPHY, ETC. NOTE
Bibliography, etc Includes bibliographical references (p. [164]-166) and index.
651 #0 - SUBJECT ADDED ENTRY--GEOGRAPHIC NAME
Geographic name United States
General subdivision Politics and government.
9 (RLIN) 18835
Geographic name United States
General subdivision Foreign relations.
9 (RLIN) 18836
830 #0 - SERIES ADDED ENTRY--UNIFORM TITLE
Volume number/sequential designation 48
Uniform title Oxford paperbacks university series ;
942 ## - ADDED ENTRY ELEMENTS (KOHA)
Source of classification or shelving scheme Dewey Decimal Classification
Koha item type Books
Holdings
Lost status Source of classification or shelving scheme Damaged status Not for loan Collection code Permanent Location Current Location Date acquired Source of acquisition Cost, normal purchase price Total Checkouts Full call number Date last seen Copy number Koha item type
  Dewey Decimal Classification     Non-fiction Central Library, University of Rajshahi Central Library, University of Rajshahi 01/07/1974 Oxford University Press. 10.80   342.73 BEA 1969 08/01/2014 C-2 Books